MARC

LEADER 00000nam0a2200000 4500
001 164325
005 20231031161216.0
035 |a (RuTPU)RU\TPU\book\178278 
090 |a 164325 
100 |a 20090904d1974 m y0rusy50 ca 
101 0 |a rus 
102 |a BY 
105 |a a j 001zy 
200 1 |a  Методы интегрирования обыкновенных дифференциальных уравнений  |e учебник  |f  Н. М. Матвеев 
205 |a 4-е изд., испр. и доп. 
210 |a Минск  |c Вышэйшая школа  |d  1974 
215 |a 766 с.  |c черт. 
320 |a Библиогр.: с. 749-757. 
320 |a Предметный указатель: с. 758-766. 
610 1 |a дифференциальные уравнения 
610 1 |a интегрирование 
610 1 |a учебники 
610 1 |a понятия 
610 1 |a определения 
610 1 |a уравнения Бернулли 
610 1 |a уравнения Дарбу 
610 1 |a уравнения Якоби 
610 1 |a траектории 
610 1 |a существование 
610 1 |a матричные методы 
610 1 |a теоремы 
675 |a 517.91(075.8)  |v 3 
700 1 |a Матвеев  |b Н. М.  |g Николай Михайлович 
801 1 |a RU  |b 63413507  |c 20090904 
801 2 |a RU  |b 63413507  |c 20160809  |g RCR 
942 |c BK